[Event "GER-chT9 LI-23 Br04 email"]
[White "Ciemnyjewski, Gregor"]
[Black "Schreiner, Michael"]
[Site "GER email"]
[Round "?"]
[Result "1-0"]
[Date "2011.10.17"]
[WhiteElo "2003"]
[BlackElo "1755"]
[PlyCount "87"]
[EventDate "2011.10.23"]
[EventType "tourn (corr)"]
[EventRounds "8"]
[EventCountry "GER"]
[SourceTitle "Corr 2015"]
[Source "ChessBase"]
[SourceDate "2015.07.17"]
[SourceVersion "1"]
[SourceVersionDate "2015.07.17"]
[SourceQuality "1"]

1. e4 g6 2. d4 Bg7 3. Nc3 c6 4. Be3 Qb6 5. a3 d6 6. Nf3 Nf6 7. h3 0-0 8. Bd3 Nbd7 9. 0-0 Qc7 10. a4 e5 11. Qd2 Re8 12. Rfe1 b6 13. Rad1 Bb7 14. dxe5 dxe5 15. Bc4 Rad8 16. Ng5 Rf8 17. Qe2 Qb8 18. Rd2 Rde8 19. Red1 Re7 20. Nf3 Kh8 21. b4 Qc7 22. Bb3 Qc8 23. Ba2 Rfe8 24. Rd6 h6 25. Nd2 Kh7 26. Nc4 Rf8 27. f3 Nh5 28. Qd2 Ndf6 29. a5 b5 30. Nb2 a6 31. Ne2 c5 32. Bxc5 Rc7 33. Bb3 Bxe4 34. fxe4 Nxe4 35. Qe3 Nxc5 36. bxc5 e4 37. Qxe4 Bxb2 38. Bxf7 Rcxf7 39. Qxg6+ Kh8 40. Qxh5 Bg7 41. c6 Qe8 42. Ng3 Qe3+ 43. Kh2 Rf2 44. c4 1-0

[Event "GER-chT9 LI-23 Br04 email"]
[White "Kloster, Svetlana"]
[Black "Schreiner, Michael"]
[Site "GER email"]
[Round "?"]
[Result "1-0"]
[Date "2011.10.17"]
[WhiteElo "1947"]
[BlackElo "1755"]
[PlyCount "83"]
[EventDate "2011.10.23"]
[EventType "tourn (corr)"]
[EventRounds "8"]
[EventCountry "GER"]
[SourceTitle "Corr 2015"]
[Source "ChessBase"]
[SourceDate "2015.07.17"]
[SourceVersion "1"]
[SourceVersionDate "2015.07.17"]
[SourceQuality "1"]

1. d4 g6 2. c4 Bg7 3. e4 d6 4. Nc3 e5 5. Nf3 Nc6 6. d5 Nce7 7. Bd3 Nf6 8. 0-0 0-0 9. Ne1 c6 10. Be2 b5 11. cxb5 cxd5 12. exd5 a6 13. Bg5 axb5 14. Bxb5 Bb7 15. Bxf6 Bxf6 16. Nc2 Nf5 17. a4 Nd4 18. Nb4 Qc7 19. Nc6 Nxc6 20. dxc6 Bxc6 21. Bxc6 Qxc6 22. Nd5 Bg5 23. b4 Rfb8 24. Qb3 Qd7 25. Rfc1 Ra7 26. a5 Qe6 27. Rcb1 Rb5 28. Rd1 Bd8 29. a6 Kg7 30. Qc4 Qd7 31. Nc3 Rb8 32. b5 Bb6 33. Ne4 Bc7 34. Rab1 Qe7 35. Qd5 Qe8 36. h4 h5 37. g3 Rb6 38. Nd2 Rb8 39. Nc4 Bd8 40. Nxd6 Qe6 41. Qxe6 fxe6 42. Rbc1 1-0

[Event "GER-chT9 LI-23 Br04 email"]
[White "Schneider, Karl"]
[Black "Schreiner, Michael"]
[Site "GER email"]
[Round "?"]
[Result "1-0"]
[Date "2011.10.17"]
[WhiteElo "2022"]
[BlackElo "1755"]
[PlyCount "95"]
[EventDate "2011.10.23"]
[EventType "tourn (corr)"]
[EventRounds "8"]
[EventCountry "GER"]
[SourceTitle "Corr 2015"]
[Source "ChessBase"]
[SourceDate "2015.07.17"]
[SourceVersion "1"]
[SourceVersionDate "2015.07.17"]
[SourceQuality "1"]

1. d4 g6 2. e4 Bg7 3. c4 c5 4. Nf3 Qb6 5. dxc5 Qxc5 6. Be2 d6 7. 0-0 Bg4 8. Be3 Qc7 9. Qc2 Nc6 10. Nc3 Bxc3 11. Qxc3 Nf6 12. Bg5 Ne5 13. Bxf6 exf6 14. Rad1 0-0 15. b3 b5 16. Nd4 Bxe2 17. Nxe2 bxc4 18. Nf4 Rac8 19. Nd5 Qd8 20. b4 Kg7 21. Rd4 Nd7 22. Rfd1 Nb6 23. g3 Na4 24. Qc2 Qe8 25. Rxc4 Qd7 26. Rc1 Rxc4 27. Qxc4 Nb6 28. Nxb6 axb6 29. Qd5 b5 30. Rc6 Ra8 31. Rxd6 Qe8 32. Kg2 Ra4 33. a3 Rxa3 34. Rb6 Qe5 35. Qxe5 fxe5 36. Rxb5 Rb3 37. h4 h5 38. Rb7 Rc3 39. b5 Rb3 40. b6 Kf6 41. Rb8 Ke7 42. b7 Rb6 43. f4 exf4 44. e5 Rb2+ 45. Kf3 fxg3 46. Kxg3 Rb3+ 47. Kf4 Rb5 48. e6 1-0

[Event "GER-chT9 LI-23 Br04 email"]
[White "Schreiner, Michael"]
[Black "Behrendorf, Kurt Albert"]
[Site "GER email"]
[Round "?"]
[Result "1/2-1/2"]
[Date "2011.10.17"]
[WhiteElo "1755"]
[BlackElo "2118"]
[PlyCount "139"]
[EventDate "2011.10.23"]
[EventType "tourn (corr)"]
[EventRounds "8"]
[EventCountry "GER"]
[SourceTitle "Corr 2015"]
[Source "ChessBase"]
[SourceDate "2015.07.17"]
[SourceVersion "1"]
[SourceVersionDate "2015.07.17"]
[SourceQuality "1"]

1. e4 c5 2. Nf3 d6 3. Bd3 Nf6 4. h3 Nc6 5. c3 d5 6. e5 Nd7 7. Bb5 Qa5 8. Na3 e6 9. 0-0 Be7 10. Re1 0-0 11. d3 Qc7 12. d4 a6 13. Bxc6 Qxc6 14. Bg5 Bxg5 15. Nxg5 h6 16. Nf3 b5 17. Nc2 a5 18. Rc1 Ba6 19. Qd2 Rfc8 20. Ne3 Qb6 21. a3 cxd4 22. cxd4 b4 23. axb4 Qxb4 24. Rxc8+ Rxc8 25. Qxb4 axb4 26. Ra1 Be2 27. Nd2 Nb6 28. f3 Bd3 29. Kf2 Nc4 30. Rc1 Nb6 31. Nb3 Rxc1 32. Nxc1 Bb1 33. b3 Nc8 34. g4 Ne7 35. Ng2 Nc6 36. Ke3 g5 37. Ne1 Kg7 38. Ncd3 f6 39. f4 f5 40. gxf5 exf5 41. Nf3 Bxd3 42. Kxd3 Kg6 43. Ke3 Kh5 44. Ne1 Kh4 45. Nd3 Kxh3 46. fxg5 hxg5 47. e6 f4+ 48. Kf2 Ne7 49. Kf3 Ng6 50. Ne5 Nh4+ 51. Kf2 Nf5 52. Ng6 Kg4 53. e7 Nd6 54. Ne5+ Kf5 55. Kf3 Ne8 56. Ng4 Ke6 57. Ne5 Kxe7 58. Kg4 Nc7 59. Kxg5 Ne6+ 60. Kg4 Nxd4 61. Kxf4 Nc2 62. Kg5 Nd4 63. Kf4 Kd6 64. Nd3 Nc2 65. Kf5 Nd4+ 66. Kf4 Nc6 67. Kf5 Kd7 68. Nf4 Kd6 69. Nd3 Nd4+ 70. Kf4 1/2-1/2

[Event "GER-chT9 LI-23 Br04 email"]
[White "Schreiner, Michael"]
[Black "Schwietzer, Marcel"]
[Site "GER email"]
[Round "?"]
[Result "0-1"]
[Date "2011.10.17"]
[WhiteElo "1755"]
[BlackElo "1908"]
[PlyCount "88"]
[EventDate "2011.10.23"]
[EventType "tourn (corr)"]
[EventRounds "8"]
[EventCountry "GER"]
[SourceTitle "Corr 2015"]
[Source "ChessBase"]
[SourceDate "2015.07.17"]
[SourceVersion "1"]
[SourceVersionDate "2015.07.17"]
[SourceQuality "1"]

1. e4 c5 2. Nc3 Nc6 3. g3 g6 4. Bg2 Bg7 5. d3 d6 6. Be3 Rb8 7. Qd2 b5 8. Nf3 b4 9. Nd1 Qb6 10. 0-0 a5 11. a3 h6 12. h3 Nf6 13. axb4 axb4 14. Ra2 b3 15. cxb3 Qxb3 16. Ra3 Qb4 17. Qc1 Nd7 18. Bd2 Qb5 19. Qc4 Qxc4 20. dxc4 Nde5 21. Nxe5 Nxe5 22. Bc3 0-0 23. Ne3 Be6 24. b3 Nf3+ 25. Bxf3 Bxc3 26. Rb1 Ra8 27. Rxa8 Rxa8 28. Nd5 Bxd5 29. exd5 Ra2 30. Kg2 Bd4 31. Rf1 h5 32. h4 Rb2 33. Bd1 Kg7 34. Kf3 f6 35. Kg2 Kh6 36. Kf3 Rd2 37. Kg2 g5 38. Bf3 g4 39. Bd1 Kg7 40. Kg1 f5 41. Kg2 Kf6 42. Kg1 f4 43. gxf4 Kf5 44. Kg2 Kxf4 0-1

[Event "Cologne Ford op 17th"]
[White "Mehner, Matthias"]
[Black "Schreiner, Michael"]
[Site "Cologne"]
[Round "4"]
[Result "0-1"]
[Date "2011.05.09"]
[WhiteElo "934"]
[BlackElo "1562"]
[PlyCount "72"]
[EventDate "2011.04.12"]
[EventType "swiss"]
[EventRounds "7"]
[EventCountry "GER"]
[SourceTitle "EXT 2012"]
[Source "ChessBase"]
[SourceDate "2011.11.24"]
[SourceVersion "1"]
[SourceVersionDate "2011.11.24"]
[SourceQuality "1"]

1. e4 g6 2. Nf3 Bg7 3. Nc3 d6 4. Bc4 e6 5. d3 a6 6. 0-0 Ne7 7. Bd2 b5 8. Bb3 c5 9. a3 Nbc6 10. Rb1 0-0 11. Qc1 Ne5 12. Nxe5 Bxe5 13. Bh6 Re8 14. Ne2 Nc6 15. Bf4 Nd4 16. Nxd4 Bxd4 17. c3 Bf6 18. Re1 e5 19. Be3 Qc7 20. Bg5 Bg7 21. Bh6 a5 22. Bxg7 Kxg7 23. Rf1 f5 24. f4 Rf8 25. c4 Be6 26. Bd1 fxe4 27. dxe4 Bxc4 28. Rf2 exf4 29. b3 Be6 30. Rxf4 Rxf4 31. Qxf4 c4 32. bxc4 Rf8 33. Qe3 Bxc4 34. Qd4+ Kg8 35. Bb3 Bxb3 36. Rxb3 Qc1+ 0-1

[Event "GER 1. Rucki-Zucki-Cup/V14 email"]
[White "Boos, Markus"]
[Black "Schreiner, Michael"]
[Site "GER email"]
[Round "?"]
[Result "1-0"]
[Date "2010.12.16"]
[WhiteElo "1758"]
[BlackElo "1784"]
[PlyCount "67"]
[EventDate "2010.12.22"]
[EventType "tourn (corr)"]
[EventRounds "6"]
[EventCountry "GER"]
[SourceTitle "Corr 2015"]
[Source "ChessBase"]
[SourceDate "2015.07.17"]
[SourceVersion "1"]
[SourceVersionDate "2015.07.17"]
[SourceQuality "1"]
[WhiteTeam "Germany"]
[BlackTeam "Latvia"]
[WhiteTeamCountry "GER"]
[BlackTeamCountry "LAT"]

1. Nf3 g6 2. g3 Bg7 3. d4 Nf6 4. Bg2 0-0 5. c4 d6 6. 0-0 Nc6 7. d5 Na5 8. Qa4 c5 9. Bd2 b6 10. Bc3 e5 11. Nbd2 Bd7 12. Qc2 b5 13. b3 b4 14. Bb2 Rc8 15. Ne1 Bg4 16. f3 Bd7 17. Nd3 Bh6 18. f4 exf4 19. gxf4 Ng4 20. Rf3 f5 21. h3 Nf6 22. a3 Ne4 23. Nf2 Nxf2 24. Rxf2 Qb6 25. e4 fxe4 26. Bxe4 Bg7 27. Bxg6 Bxb2 28. Bxh7+ Kh8 29. Qxb2+ Kxh7 30. Rg2 Rg8 31. Ne4 bxa3 32. Qf6 Rxg2+ 33. Kxg2 Rg8+ 34. Kh2 1-0

[Event "GER 1. Rucki-Zucki-Cup/V14 email"]
[White "Rammelt, Klaus Peter"]
[Black "Schreiner, Michael"]
[Site "GER email"]
[Round "?"]
[Result "0-1"]
[Date "2010.12.16"]
[WhiteElo "1568"]
[BlackElo "1784"]
[PlyCount "59"]
[EventDate "2010.12.22"]
[EventType "tourn (corr)"]
[EventRounds "6"]
[EventCountry "GER"]
[SourceTitle "Corr 2015"]
[Source "ChessBase"]
[SourceDate "2015.07.17"]
[SourceVersion "1"]
[SourceVersionDate "2015.07.17"]
[SourceQuality "1"]
[WhiteTeam "Germany"]
[BlackTeam "Latvia"]
[WhiteTeamCountry "GER"]
[BlackTeamCountry "LAT"]

1. d4 g6 2. c4 Bg7 3. e4 d6 4. Nc3 e5 5. dxe5 dxe5 6. Qxd8+ Kxd8 7. Be3 Be6 8. Nf3 f6 9. Be2 Nd7 10. Rd1 c6 11. 0-0 Kc7 12. Rd2 Bh6 13. Bxh6 Nxh6 14. Rfd1 Rhd8 15. h3 Nf7 16. b4 a5 17. a3 axb4 18. axb4 Nb6 19. Rxd8 Nxd8 20. c5 Na4 21. Nb1 Nb2 22. Rd2 Nc4 23. Bxc4 Bxc4 24. Rb2 Ne6 25. g3 b6 26. cxb6+ Kxb6 27. Kg2 Ra1 28. Nbd2 Bd3 29. Rb3 Ba6 30. Rb2 0-1

[Event "GER 1. Rucki-Zucki-Cup/V06 email"]
[White "Schreiner, Michael"]
[Black "Assmann, Juergen"]
[Site "GER email"]
[Round "?"]
[Result "1/2-1/2"]
[Date "2010.12.16"]
[WhiteElo "1784"]
[BlackElo "1877"]
[PlyCount "60"]
[EventDate "2010.12.22"]
[EventType "tourn (corr)"]
[EventRounds "6"]
[EventCountry "GER"]
[SourceTitle "Corr 2015"]
[Source "ChessBase"]
[SourceDate "2015.07.17"]
[SourceVersion "1"]
[SourceVersionDate "2015.07.17"]
[SourceQuality "1"]
[WhiteTeam "Germany"]
[BlackTeam "Latvia"]
[WhiteTeamCountry "GER"]
[BlackTeamCountry "LAT"]

1. e4 d5 2. exd5 Qxd5 3. Nc3 Qa5 4. d4 Nf6 5. Nf3 Bf5 6. Bc4 e6 7. Bd2 c6 8. Nd5 Qd8 9. Nxf6+ Qxf6 10. Qe2 Bg4 11. d5 Bxf3 12. gxf3 cxd5 13. Bxd5 Nd7 14. 0-0-0 0-0-0 15. Be4 Qe5 16. Bc3 Qc7 17. Kb1 f6 18. Rhg1 Nc5 19. Rxd8+ Qxd8 20. Qc4 Kb8 21. Bd4 Nxe4 22. fxe4 e5 23. Be3 Qd7 24. a4 g6 25. a5 Be7 26. Qf7 Qc7 27. Rd1 Rd8 28. Rc1 g5 29. Qxh7 Rd7 30. Qg8+ Bd8 1/2-1/2

[Event "Cologne Ford op"]
[White "Schreiner, Michael"]
[Black "Lenk, Ulrich"]
[Site "Cologne"]
[Round "7"]
[Result "1/2-1/2"]
[Date "2010.06.07"]
[WhiteElo "1509"]
[BlackElo "1685"]
[PlyCount "59"]
[EventDate "2010.04.19"]
[EventType "swiss"]
[EventRounds "7"]
[EventCountry "GER"]
[SourceTitle "EXT 2011"]
[Source "ChessBase"]
[SourceDate "2010.11.26"]
[SourceVersion "1"]
[SourceVersionDate "2010.11.26"]
[SourceQuality "1"]

1. e4 c6 2. d4 d5 3. Nd2 dxe4 4. Nxe4 Nd7 5. c3 Ngf6 6. Nxf6+ Nxf6 7. Bd3 g6 8. Nf3 Bg7 9. Bf4 Bg4 10. h3 Bxf3 11. Qxf3 Qb6 12. Qe2 0-0 13. 0-0 Nd5 14. Bg3 Rfe8 15. h4 Bh6 16. h5 Nf4 17. Bxf4 Bxf4 18. hxg6 hxg6 19. Qg4 Bh6 20. Bc4 e6 21. f4 Bg7 22. Rad1 Rad8 23. Rf3 c5 24. d5 exd5 25. Bxd5 c4+ 26. Kh2 Qc5 27. b4 Qb5 28. Qxg6 Rxd5 29. Qc2 Rh5+ 30. Kg1 1/2-1/2

[Event "Cologne Ford op"]
[White "Schreiner, Michael"]
[Black "Malinowski, Tim"]
[Site "Cologne"]
[Round "5"]
[Result "1-0"]
[Date "2010.05.17"]
[WhiteElo "1509"]
[BlackElo "1285"]
[PlyCount "63"]
[EventDate "2010.04.19"]
[EventType "swiss"]
[EventRounds "7"]
[EventCountry "GER"]
[SourceTitle "EXT 2011"]
[Source "ChessBase"]
[SourceDate "2010.11.26"]
[SourceVersion "1"]
[SourceVersionDate "2010.11.26"]
[SourceQuality "1"]

1. e4 c5 2. Nf3 Nc6 3. c3 e5 4. d3 d5 5. exd5 Qxd5 6. Be2 Nf6 7. Nbd2 Bf5 8. Qc2 c4 9. dxc4 Qxf3 10. Qb3 Qf4 11. Qxb7 Rc8 12. Nf3 Qe4 13. Ng5 Qc2 14. Qxf7+ Kd8 15. Ne6+ Bxe6 16. Qxe6 Qg6 17. Be3 Rc7 18. Rd1+ Nd7 19. Qd5 Be7 20. b4 Kc8 21. b5 Ncb8 22. h3 Bc5 23. Bg4 Bxe3 24. fxe3 Qg5 25. Qe4 h5 26. Bf5 Rf8 27. 0-0 Qe7 28. Rd5 Rc5 29. Rfd1 Rd8 30. Rd6 Kc7 31. Qa8 Nb6 32. Qxa7# 1-0

[Event "Cologne Ford op"]
[White "Dorloff, Jakobus"]
[Black "Schreiner, Michael"]
[Site "Cologne"]
[Round "4"]
[Result "1/2-1/2"]
[Date "2010.05.10"]
[WhiteElo "1373"]
[BlackElo "1509"]
[PlyCount "119"]
[EventDate "2010.04.19"]
[EventType "swiss"]
[EventRounds "7"]
[EventCountry "GER"]
[SourceTitle "EXT 2011"]
[Source "ChessBase"]
[SourceDate "2010.11.26"]
[SourceVersion "1"]
[SourceVersionDate "2010.11.26"]
[SourceQuality "1"]

1. e4 g6 2. d4 Bg7 3. Nc3 c6 4. Nf3 d5 5. e5 h5 6. Bd3 Bg4 7. h3 Bd7 8. 0-0 a5 9. Re1 Na6 10. a3 Nc7 11. Nh4 Be6 12. Na4 Na6 13. Nc3 Kd7 14. Ne2 Nh6 15. Nf4 Nf5 16. Nxe6 Kxe6 17. Bxf5+ gxf5 18. Qf3 f4 19. Qxf4 Kd7 20. Qxf7 Qf8 21. e6+ Kd8 22. Ng6 Qxf7 23. exf7 Rf8 24. Nxf8 Bxf8 25. Bg5 Kd7 26. Re5 e6 27. Rae1 Nc7 28. Bf6 Be7 29. Bxe7 Kxe7 30. Rxh5 Rf8 31. Rf5 Kd6 32. Rf6 Ke7 33. Rf4 Nb5 34. h4 Nd6 35. g4 Nxf7 36. g5 Rg8 37. Kh2 Rh8 38. g6 Nh6 39. h5 Kd6 40. f3 Nf5 41. Kh3 Rxh5+ 42. Kg4 Rh8 43. Rxf5 exf5+ 44. Kxf5 Rf8+ 45. Kg4 Rf6 46. Kg5 Rxf3 47. g7 Rg3+ 48. Kf6 Rf3+ 49. Kg6 Rg3+ 50. Kf7 Rf3+ 51. Ke8 Rg3 52. Re7 Rg6 53. Kf7 Rxg7+ 54. Kxg7 Kxe7 55. Kg6 Ke6 56. Kg5 a4 57. Kf4 b5 58. Ke3 Kf5 59. Kf3 Kg5 60. Kg3 1/2-1/2

[Event "GER-chT KG-35 Br3 email"]
[White "Beck, Gerhard"]
[Black "Schreiner, Michael"]
[Site "GER email"]
[Round "?"]
[Result "1-0"]
[Date "2008.??.??"]
[WhiteElo "1936"]
[BlackElo "1719"]
[PlyCount "75"]
[EventDate "2008.??.??"]
[EventType "tourn (corr)"]
[EventRounds "7"]
[EventCountry "GER"]
[SourceTitle "Corr 2011"]
[Source "ChessBase"]
[SourceDate "2010.08.31"]
[SourceVersion "1"]
[SourceVersionDate "2010.08.31"]
[SourceQuality "1"]

1. Nf3 Nf6 2. g3 g6 3. b3 Bg7 4. Bb2 d6 5. d4 c5 6. d5 0-0 7. Bg2 Qa5+ 8. Nfd2 b5 9. 0-0 Nbd7 10. c4 Ba6 11. Na3 Ne4 12. Bxg7 Kxg7 13. Nxe4 Qxa3 14. cxb5 Bxb5 15. Nc3 Rab8 16. Qd2 Nf6 17. Rfe1 Bd7 18. e4 Rfc8 19. Bf1 Qb4 20. Bc4 Ng4 21. f4 Nh6 22. Kg2 Qa5 23. h3 e6 24. Qb2 Kf8 25. Rad1 Re8 26. dxe6 Bxe6 27. Nd5 Bxd5 28. Bxd5 Ng8 29. Re2 Qb5 30. Rf2 f6 31. f5 gxf5 32. Rxf5 Re5 33. Rf4 Qd7 34. Qd2 Rh5 35. h4 Rb6 36. Rdf1 Rh6 37. Rf5 Qg7 38. h5 1-0

[Event "GER-chT KG-35 Br3 email"]
[White "Schreiner, Michael"]
[Black "Hoette, Ludger"]
[Site "GER email"]
[Round "?"]
[Result "0-1"]
[Date "2008.??.??"]
[WhiteElo "1719"]
[BlackElo "1640"]
[PlyCount "88"]
[EventDate "2008.??.??"]
[EventType "tourn (corr)"]
[EventRounds "7"]
[EventCountry "GER"]
[SourceTitle "Corr 2011"]
[Source "ChessBase"]
[SourceDate "2010.08.31"]
[SourceVersion "1"]
[SourceVersionDate "2010.08.31"]
[SourceQuality "1"]

1. e4 c5 2. Nf3 d6 3. g3 g6 4. Bg2 Bg7 5. 0-0 Nc6 6. c3 e5 7. a3 Nf6 8. d3 0-0 9. b4 a6 10. Nbd2 Be6 11. Bb2 b5 12. Rb1 Nd7 13. Ne1 cxb4 14. axb4 a5 15. Ba3 axb4 16. Bxb4 Nb6 17. Nef3 Re8 18. h4 Bh6 19. Ng5 Bxg5 20. hxg5 Qxg5 21. Bxd6 Qd8 22. Bb4 Qxd3 23. Nf3 Qxd1 24. Rfxd1 Nxb4 25. Rxb4 Na4 26. Nxe5 Nxc3 27. Re1 Ra4 28. Rb2 b4 29. f4 f6 30. Nc6 b3 31. Re3 Ra1+ 32. Kh2 Ra2 33. Rxb3 Bxb3 34. Rxc3 Rxe4 35. Rxb3 Ree2 36. g4 Rxg2+ 37. Kh3 Rh2+ 38. Kg3 Rag2+ 39. Kf3 Rh3+ 40. Kxg2 Rxb3 41. Kf2 Kf7 42. Nd4 Rd3 43. Nf3 Ke6 44. g5 Rxf3+ 0-1